| 000 | 00419nam a2200145Ia 4500 | ||
|---|---|---|---|
| 008 | 230917s9999||||xx |||||||||||||| ||und|| | ||
| 040 |
_e169631 _aMAIN |
||
| 041 | _aEnglish | ||
| 082 | _a658.3 N213S:O | ||
| 100 | _aSharma, Baldev R | ||
| 245 | 0 | _aOrganisational climate and labour-managment relations in India | |
| 260 |
_aCalcutta _bNational Institute of Personnal Management _c1983 |
||
| 300 | _a24 p. | ||
| 942 | _cBK | ||
| 999 |
_c92065 _d92065 |
||